Normal view
MARC view
- Union Carbide Ltd. (India)
Entry Corporate Name
001 - CONTROL NUMBER
- control field: 4452
003 - CONTROL NUMBER IDENTIFIER
- control field: OSt
005 - DATE AND TIME OF LATEST TRANSACTION
- control field: 20170515123517.0
008 - FIXED-LENGTH DATA ELEMENTS
- fixed length control field: 170515|| aca||aabn | a|a d
040 ## - CATALOGING SOURCE
- Original cataloging agency: OSt
- Transcribing agency: OSt
110 ## - HEADING--CORPORATE NAME
- Corporate name or jurisdiction name as entry element: Union Carbide Ltd. (India)
670 ## - SOURCE DATA FOUND
- Source citation: Work cat.: (OSt): Kurzman, Dan 4451, A killing wind :, c1987.

PORTAL AKMAL
E-MEL JKDM
AKMAL2U
G-BAM
u-PUSTAKA